Văn học lớp 11; T2

שמור ב:
מידע ביבליוגרפי
פורמט: ספר
שפה:Undetermined
יצא לאור: Hà Nội Giáo dục 1991
נושאים:
תגים: הוספת תג
אין תגיות, היה/י הראשונ/ה לתייג את הרשומה!
Thư viện lưu trữ: Trung tâm Học liệu Trường Đại học Cần Thơ
LEADER 00482nam a2200169Ia 4500
001 CTU_12707
008 210402s9999 xx 000 0 und d
020 |b 2.900đ 
082 |a 807 
082 |b V115/L11/T2/1991 
245 0 |a Văn học lớp 11; T2 
260 |a Hà Nội 
260 |b Giáo dục 
260 |c 1991 
650 |a literature - study and teaching 
904 |i Nguyễn Quang Điền, 961118 
980 |a Trung tâm Học liệu Trường Đại học Cần Thơ